Setan leh Pathian Kidouna / (Record no. 4937)

MARC details
000 -LEADER
fixed length control field 00414nam a22001697a 4500
003 - CONTROL NUMBER IDENTIFIER
control field GBCCL
005 - DATE AND TIME OF LATEST TRANSACTION
control field 20241126110530.0
008 - FIXED-LENGTH DATA ELEMENTS--GENERAL INFORMATION
fixed length control field 180215b ||||| |||| 00| 0 eng d
040 ## - CATALOGING SOURCE
Transcribing agency gbc
082 ## - DEWEY DECIMAL CLASSIFICATION NUMBER
Classification number VER 236
Item number LAM
100 ## - MAIN ENTRY--PERSONAL NAME
Personal name Lamgin
9 (RLIN) 8961
245 ## - TITLE STATEMENT
Title Setan leh Pathian Kidouna /
Statement of responsibility, etc. Lamgin
260 ## - PUBLICATION, DISTRIBUTION, ETC.
Name of publisher, distributor, etc. Author,
Place of publication, distribution, etc. New Lamka:
Date of publication, distribution, etc. 1994
300 ## - PHYSICAL DESCRIPTION
Extent 80 p.;
Dimensions 18 cm.
651 ## - SUBJECT ADDED ENTRY--GEOGRAPHIC NAME
Geographic name Eschatology
9 (RLIN) 8962
942 ## - ADDED ENTRY ELEMENTS (KOHA)
Source of classification or shelving scheme Dewey Decimal Classification
Koha item type Books
Holdings
Withdrawn status Lost status Source of classification or shelving scheme Damaged status Not for loan Home library Current Library Shelving location Date acquired Total checkouts Full call number Barcode Date last seen Copy number Price effective from Koha item type
    Dewey Decimal Classification     GRACE BIBLE COLLEGE GRACE BIBLE COLLEGE Vernacular 2018-02-15   VER 236 LAM 004093 2025-05-01 c.1 2018-02-15 Books
    Dewey Decimal Classification     GRACE BIBLE COLLEGE GRACE BIBLE COLLEGE Vernacular 2018-03-14   VER 236 LAM 004094 2025-05-01 c.2 2018-03-14 Books
    Dewey Decimal Classification     GRACE BIBLE COLLEGE GRACE BIBLE COLLEGE Vernacular 2018-03-14   VER 236 LAM 004097 2025-05-01 c.3 2018-03-14 Books
© Grace Bible College Library 2025